[Event "SR 1. liga zapad 2014/2015"]
[Site "?"]
[Date "2015.01.10"]
[Round "5.3"]
[White "Arendas, Marek"]
[Black "Karas, Marek"]
[Result "0-1"]
[WhiteElo "2104"]
[BlackElo "2170"]
[PlyCount "84"]
[EventDate "2014.??.??"]

1. e4 Nc6 2. Nc3 Nf6 3. d4 d5 4. exd5 Nxd5 5. Nxd5 Qxd5 6. c3 e5 7. dxe5 Qxd1+
8. Kxd1 Nxe5 9. Bf4 Bd6 10. Bb5+ Ke7 11. Ne2 a6 12. Bxe5 Bxe5 13. Bd3 Be6 14.
Be4 f5 15. Bd3 Rad8 16. Kc2 c5 17. Ng3 Kf6 18. Rhe1 g6 19. b3 Rhe8 20. Rad1 Bd5
21. f3 h5 22. Bc4 Bc6 23. Rxd8 Rxd8 24. Be2 b5 25. a4 bxa4 26. Bxa6 axb3+ 27.
Kxb3 Bd5+ 28. c4 Rb8+ 29. Kc2 Bc6 30. Bb5 Bxb5 31. cxb5 Rxb5 32. Kd3 Rb2 33.
Ne2 Rb3+ 34. Kc4 Re3 35. g3 Bd4 36. f4 Ke7 37. Kd5 Kd7 38. Kc4 Kc7 39. Kd5 Re4
40. h3 Bf2 41. Ra1 Rxe2 42. Ra6 Rd2+ 0-1

[Event "SR 1. liga zapad 2014/2015"]
[Site "?"]
[Date "2015.01.10"]
[Round "5.3"]
[White "Jablonicky, Martin"]
[Black "Puskar, Peter"]
[Result "0-1"]
[WhiteElo "1949"]
[BlackElo "2051"]
[PlyCount "70"]
[EventDate "2014.??.??"]

1. d4 Nf6 2. Nc3 d5 3. Bg5 Nbd7 4. f3 h6 5. Bh4 e6 6. Qd2 Be7 7. e3 b6 8. Bd3
Bb7 9. Bg3 a6 10. e4 dxe4 11. Nxe4 O-O 12. Ne2 Nxe4 13. Bxe4 Qc8 14. c4 Rd8 15.
O-O c5 16. d5 Nf6 17. Nc3 exd5 18. cxd5 b5 19. Qe2 Bd6 20. Bh4 g5 21. Bf2 Qc7
22. h4 b4 23. hxg5 hxg5 24. Na4 Bh2+ 25. Kh1 Kg7 26. g4 Rh8 27. Kg2 Bd6 28. Rh1
Bxd5 29. Qe3 Bxe4 30. fxe4 Bf4 31. Qxc5 Qd7 32. Bd4 Qxg4+ 33. Kf2 Qg3+ 34. Ke2
Qg2+ 35. Kd3 Qxe4+ 0-1

[Event "SR 1. liga zapad 2014/2015"]
[Site "?"]
[Date "2015.01.10"]
[Round "5.3"]
[White "Bango, Lukas"]
[Black "Jablonicky, Frantisek"]
[Result "1/2-1/2"]
[WhiteElo "1917"]
[BlackElo "2126"]
[PlyCount "36"]
[EventDate "2014.??.??"]

1. c4 c5 2. Nc3 Nc6 3. g3 g6 4. Bg2 Bg7 5. Nf3 e6 6. e3 Nge7 7. O-O d5 8. cxd5
exd5 9. d4 cxd4 10. exd4 O-O 11. Be3 Qb6 12. Qd2 Rd8 13. Rad1 Be6 14. Rfe1 Rac8
15. Na4 Qb5 16. Nc5 Bg4 17. a4 Qb6 18. a5 Qb5 1/2-1/2

[Event "SR 1. liga zapad 2014/2015"]
[Site "?"]
[Date "2015.01.10"]
[Round "5.4"]
[White "Zetocha, Claudiu"]
[Black "Schwarz, Dusan"]
[Result "1/2-1/2"]
[WhiteElo "2307"]
[BlackElo "2339"]
[PlyCount "107"]
[EventDate "2014.??.??"]

1. Nf3 d5 2. e3 Nf6 3. c4 e6 4. b3 Bd6 5. Bb2 O-O 6. Be2 b6 7. O-O Bb7 8. Nc3
a6 9. Rc1 Nbd7 10. cxd5 exd5 11. Nd4 Re8 12. Nf5 Bf8 13. d4 g6 14. Ng3 Bd6 15.
Re1 Nf8 16. Bd3 Qd7 17. Qc2 Ne6 18. Na4 Ng5 19. Nf1 Qg4 20. Qe2 Nh3+ 21. Kh1
Nf4 22. Qxg4 Nxg4 23. Be2 Nxf2+ 24. Kg1 Nxe2+ 25. Rxe2 Ne4 26. Nc3 Nxc3 27.
Bxc3 a5 28. Nd2 Ba6 29. Ree1 Bd3 30. Nf3 f6 31. Rcd1 Be4 32. Nd2 Bf5 33. Kf2 a4
34. h3 axb3 35. axb3 Ra2 36. Ra1 Rea8 37. Ke2 Bc2 38. Kf3 Bd3 39. e4 dxe4+ 40.
Nxe4 Bxe4+ 41. Kxe4 R8a3 42. Rxa2 Rxa2 43. g4 Rf2 44. Re3 f5+ 45. gxf5 gxf5+
46. Kd5 Kf7 47. Be1 Rf1 48. Bh4 f4 49. Rc3 Kg6 50. Bd8 f3 51. Ke4 f2 52. Kf3
Rd1 53. Kxf2 Rxd4 54. Bxc7 1/2-1/2

[Event "SR 1. liga zapad 2014/2015"]
[Site "?"]
[Date "2015.01.10"]
[Round "5.4"]
[White "Federic, Jozef"]
[Black "Petran, Peter"]
[Result "1/2-1/2"]
[WhiteElo "2305"]
[BlackElo "2330"]
[PlyCount "95"]
[EventDate "2014.??.??"]

1. d4 g6 2. e4 Bg7 3. Nf3 d6 4. Nc3 Nf6 5. Be2 O-O 6. O-O Bg4 7. Be3 Nc6 8. d5
Bxf3 9. Bxf3 Ne5 10. Be2 c6 11. f4 Ned7 12. Bf3 Qc7 13. Qe2 cxd5 14. exd5 a6
15. Kh1 Rac8 16. Rae1 b5 17. Bd4 Rfe8 18. a3 Nb6 19. Qf2 Nfd7 20. Bxg7 Kxg7 21.
g4 Qc5 22. Qh4 f6 23. g5 f5 24. Re2 Nf8 25. Rfe1 Kf7 26. Qg3 Qd4 27. Rd1 Qg7
28. Rb1 Rc4 29. Rd2 Rec8 30. Re1 R8c7 31. Qf2 Na4 32. Nxa4 bxa4 33. c3 Rxf4 34.
Qe3 Rfc4 35. Rde2 Kg8 36. Qb6 h6 37. gxh6 Qxh6 38. Rxe7 Rxe7 39. Rxe7 Qc1+ 40.
Qg1 Qxb2 41. Re6 Qxc3 42. Rxg6+ Nxg6 43. Qxg6+ Qg7 44. Qe8+ Kh7 45. Qh5+ Qh6
46. Qf7+ Kh8 47. Qe8+ Kg7 48. Qe7+ 1/2-1/2

[Event "SR 1. liga zapad 2014/2015"]
[Site "?"]
[Date "2015.01.10"]
[Round "5.4"]
[White "Havlicek, Libor"]
[Black "Kleman, Miroslav"]
[Result "1-0"]
[WhiteElo "2278"]
[BlackElo "2231"]
[PlyCount "147"]
[EventDate "2014.??.??"]

1. d4 Nf6 2. Nf3 g6 3. g3 Bg7 4. Bg2 O-O 5. O-O d6 6. c4 Nbd7 7. Nc3 e5 8. e4
exd4 9. Nxd4 Re8 10. h3 Nc5 11. Re1 Bd7 12. Bf4 h6 13. g4 Ne6 14. Be3 a6 15.
Qd2 Kh7 16. Rad1 Rb8 17. Qc2 Qc8 18. b3 Ng5 19. f3 Ne6 20. Nde2 b5 21. Nd5 bxc4
22. Qxc4 Bb5 23. Qc1 Nxd5 24. Rxd5 Bxe2 25. Rxe2 Rb5 26. Rc2 Rxd5 27. exd5 Nd4
28. Rf2 Qd7 29. Qd2 c5 30. dxc6 Nxc6 31. f4 d5 32. Bxd5 Rxe3 33. Bxc6 Qe7 34.
Kg2 Rc3 35. Bf3 Qc5 36. Qd5 Qc7 37. Be4 Qe7 38. f5 Rc5 39. Qd3 gxf5 40. Rxf5
Rxf5 41. Bxf5+ Kg8 42. Qxa6 Bd4 43. Qa8+ Kg7 44. Qe4 Qb4 45. Qe2 Qc3 46. Bd3
Qc1 47. Bc4 Qg1+ 48. Kf3 Qh1+ 49. Qg2 Qe1 50. Qf1 Qe3+ 51. Kg2 f6 52. Qe2 Qg1+
53. Kf3 Qh1+ 54. Kf4 Qc1+ 55. Ke4 Be5 56. Kd5 Qh1+ 57. Qe4 Qxh3 58. Bd3 h5 59.
Qh7+ Kf8 60. Qh8+ Ke7 61. Qg7+ Kd8 62. Qf8+ Kc7 63. Qe7+ Kb8 64. Qd8+ Kb7 65.
Be4 Qxg4 66. b4 Ka7 67. Qe7+ Kb8 68. Qe8+ Qc8 69. Qxc8+ Kxc8 70. Kc6 Kb8 71. b5
Bc3 72. a4 Ba5 73. b6 Bd2 74. Kb5 1-0

[Event "SR 1. liga zapad 2014/2015"]
[Site "?"]
[Date "2015.01.10"]
[Round "5.4"]
[White "Matejovic, Juraj"]
[Black "Ruckschloss, Karol"]
[Result "1-0"]
[WhiteElo "2203"]
[BlackElo "2207"]
[PlyCount "57"]
[EventDate "2014.??.??"]

1. e4 e6 2. d4 d5 3. Nd2 Nf6 4. e5 Nfd7 5. Bd3 c5 6. c3 Nc6 7. Ne2 cxd4 8. cxd4
Nb4 9. Bb1 b5 10. O-O a5 11. f4 g6 12. g4 Qh4 13. Ng3 h5 14. gxh5 gxh5 15. Nf3
Qg4 16. Ng5 Nc6 17. Qxg4 hxg4 18. Be3 Nb6 19. b3 Be7 20. Bd3 Ba6 21. Rac1 Nb4
22. Bb1 Rc8 23. f5 Rxc1 24. Rxc1 Bxg5 25. Bxg5 Kd7 26. Rf1 Bc8 27. fxe6+ fxe6
28. Rf7+ Kc6 29. Bd2 1-0

[Event "SR 1. liga zapad 2014/2015"]
[Site "?"]
[Date "2015.01.10"]
[Round "5.4"]
[White "Kovac, Andrej"]
[Black "Banas, Kamil"]
[Result "0-1"]
[WhiteElo "2165"]
[BlackElo "2213"]
[PlyCount "74"]
[EventDate "2014.??.??"]

1. b3 e5 2. Bb2 d6 3. e3 g6 4. d4 Bg7 5. dxe5 Bxe5 6. Nc3 Bg7 7. Nf3 Nf6 8. Bd3
O-O 9. Qd2 a6 10. O-O-O b5 11. h4 Bg4 12. Rdg1 Nbd7 13. Ng5 Nc5 14. f3 Bd7 15.
g4 b4 16. Nce4 Nxd3+ 17. Qxd3 Bc6 18. h5 Nxe4 19. Nxe4 Bxb2+ 20. Kxb2 Qe7 21.
Rh3 Bxe4 22. fxe4 Qe5+ 23. Kb1 Rae8 24. hxg6 fxg6 25. Qc4+ Qe6 26. Qxc7 Rf7 27.
Qb6 a5 28. Qd4 Qe5 29. Rd1 Qxd4 30. Rxd4 Rf1+ 31. Kb2 Rg1 32. Rxd6 Rf8 33. Rd2
Rff1 34. c4 Ra1 35. Rhh2 Rgc1 36. Rd8+ Kg7 37. Rd7+ Kf8 0-1

[Event "SR 1. liga zapad 2014/2015"]
[Site "?"]
[Date "2015.01.10"]
[Round "5.4"]
[White "Dugovic, Branislav"]
[Black "Hacik, Radomir"]
[Result "1/2-1/2"]
[WhiteElo "2207"]
[BlackElo "2143"]
[PlyCount "53"]
[EventDate "2014.??.??"]

1. Nf3 d5 2. b3 c5 3. e3 Nc6 4. Bb2 f6 5. d4 e6 6. Be2 Bd6 7. O-O Nge7 8. c4
cxd4 9. exd4 O-O 10. Nc3 Kh8 11. Re1 a6 12. Bf1 Rb8 13. g3 Re8 14. Rc1 Bd7 15.
Bh3 dxc4 16. bxc4 Ng6 17. Bg2 Bb4 18. h4 Qa5 19. Re3 Qh5 20. Ne4 Bf8 21. Nfd2
Qxd1+ 22. Rxd1 e5 23. d5 Nd4 24. Nb3 Nf5 25. Ree1 Bb4 26. Bc3 Bxc3 27. Nxc3
1/2-1/2

[Event "SR 1. liga zapad 2014/2015"]
[Site "?"]
[Date "2015.01.10"]
[Round "5.4"]
[White "Turna, Stefan"]
[Black "Federic, Pavol"]
[Result "0-1"]
[WhiteElo "2207"]
[BlackElo "2175"]
[PlyCount "82"]
[EventDate "2014.??.??"]

1. d4 d5 2. c4 c6 3. Nc3 Nf6 4. Nf3 g6 5. g3 Bg7 6. Bg2 O-O 7. O-O Nbd7 8. Ne5
Nxe5 9. dxe5 Ng4 10. cxd5 Nxe5 11. Qb3 cxd5 12. Nxd5 e6 13. Nc3 Qe7 14. Bf4 Nc6
15. Rad1 Nd4 16. Qc4 e5 17. Nd5 Qd8 18. Be3 Be6 19. Bxd4 exd4 20. Qc5 Kh8 21.
Nf4 Bxa2 22. Bxb7 Rb8 23. Qxa7 Bc4 24. Qc5 Bb3 25. Bg2 Bxd1 26. Rxd1 Rxb2 27.
e3 Qb8 28. exd4 Rc8 29. Qd5 Rb1 30. Rxb1 Qxb1+ 31. Bf1 Kg8 32. Ne6 Bf6 33. Kg2
Re8 34. Nc7 Rd8 35. Qf3 Bxd4 36. Bc4 Rd7 37. Qa8+ Kg7 38. Qc6 Qf5 39. f3 Qc2+
40. Kh3 Re7 41. Qd5 Bg1 0-1

[Event "SR 1. liga zapad 2014/2015"]
[Site "?"]
[Date "2015.01.10"]
[Round "5.4"]
[White "Mydlarik, Martin"]
[Black "Travenec, Igor"]
[Result "0-1"]
[WhiteElo "2138"]
[BlackElo "2221"]
[PlyCount "80"]
[EventDate "2014.??.??"]

1. e4 e6 2. d4 d5 3. Nc3 Bb4 4. e5 c5 5. a3 Bxc3+ 6. bxc3 Qc7 7. Nf3 Ne7 8. Bd3
Nbc6 9. O-O Ng6 10. h4 c4 11. Be2 h6 12. h5 Nge7 13. Nh4 Nf5 14. Nxf5 exf5 15.
Bf3 Be6 16. a4 Qd7 17. Ba3 g5 18. hxg6 fxg6 19. g3 O-O-O 20. Bg2 g5 21. Bc1
Rdg8 22. f4 gxf4 23. Bxf4 h5 24. Kf2 h4 25. gxh4 Rxh4 26. Qf3 Rgg4 27. Bg3 Rh8
28. Bf4 Ne7 29. Rh1 Rxh1 30. Bxh1 Ng6 31. Bd2 Qh7 32. Rf1 f4 33. Ke1 Nh4 34.
Qh3 Qg6 35. Bf3 Nxf3+ 36. Qxf3 Qxc2 37. Rh1 Rg8 38. a5 Bg4 39. Qxf4 Qd1+ 40.
Kf2 Qxh1 0-1

[Event "SR 1. liga zapad 2014/2015"]
[Site "?"]
[Date "2015.01.10"]
[Round "5.5"]
[White "Borosova, Zuzana"]
[Black "Sipos, Istvan"]
[Result "1/2-1/2"]
[WhiteElo "2263"]
[BlackElo "2491"]
[PlyCount "80"]
[EventDate "2014.??.??"]

1. e4 e6 2. d4 d5 3. Nc3 Bb4 4. e5 Ne7 5. a3 Bxc3+ 6. bxc3 b6 7. Qg4 Ng6 8. h4
h5 9. Qg3 Ba6 10. Bxa6 Nxa6 11. Qd3 Nb8 12. Nf3 c5 13. a4 Nc6 14. Qb5 Qd7 15.
Ba3 cxd4 16. cxd4 Rc8 17. Ra2 Na5 18. Bb4 Nc4 19. Qxd7+ Kxd7 20. a5 bxa5 21.
Bxa5 Rc6 22. Bd2 a6 23. Ke2 f6 24. exf6 gxf6 25. Rb1 Ra8 26. g3 e5 27. dxe5
fxe5 28. Bg5 Nd6 29. Nd2 Ke6 30. Be3 d4 31. Bg5 Rac8 32. Rba1 Ra8 33. f3 Ne7
34. Nb3 Nd5 35. Rxa6 Rxc2+ 36. Nd2 Rxa6 37. Rxa6 Nb4 38. Rb6 Nd5 39. Ra6 Nb4
40. Rb6 Nd5 1/2-1/2

[Event "SR 1. liga zapad 2014/2015"]
[Site "?"]
[Date "2015.01.10"]
[Round "5.5"]
[White "Berczes, Csaba"]
[Black "Kukel, Imre"]
[Result "0-1"]
[WhiteElo "2357"]
[BlackElo "2279"]
[PlyCount "94"]
[EventDate "2014.??.??"]

1. Nf3 Nf6 2. g3 d6 3. d4 c5 4. c4 cxd4 5. Nxd4 e5 6. Nb5 a6 7. N5c3 Be6 8. b3
d5 9. cxd5 Nxd5 10. Bg2 Bb4 11. Bb2 Qa5 12. Qd2 Nc6 13. a3 Bxc3 14. Nxc3 Rd8
15. Bxd5 Bxd5 16. b4 Bxh1 17. bxa5 Rxd2 18. Kxd2 Bg2 19. Rg1 Bh3 20. Ne4 Nxa5
21. Kd3 f6 22. g4 h5 23. f3 Ke7 24. Bc3 Rd8+ 25. Kc2 Nc4 26. Kb3 Ne3 27. Nf2
hxg4 28. Nxh3 gxh3 29. Rxg7+ Ke6 30. Rh7 Ng2 31. Rxh3 Nf4 32. Rh7 Nxe2 33. Bb4
b5 34. Ra7 Rd3+ 35. Kc2 Rxf3 36. Rxa6+ Kd5 37. h4 f5 38. h5 Nd4+ 39. Kd1 Rh3
40. Rd6+ Kc4 41. h6 e4 42. Rd7 Rxh6 43. Rc7+ Rc6 44. Re7 Kd3 45. Bd2 Rg6 46.
Rc7 Rg1+ 47. Be1 Nf3 0-1

[Event "SR 1. liga zapad 2014/2015"]
[Site "?"]
[Date "2015.01.10"]
[Round "5.5"]
[White "Szegi, Tamas"]
[Black "Farkas, Gabor"]
[Result "0-1"]
[WhiteElo "2186"]
[BlackElo "2346"]
[PlyCount "78"]
[EventDate "2014.??.??"]

1. e4 e5 2. d4 exd4 3. c3 d5 4. exd5 Nf6 5. Nf3 Qxd5 6. cxd4 Bg4 7. Be2 c6 8.
Nc3 Qa5 9. O-O Bd6 10. h3 Bf5 11. Qb3 Qb6 12. Bc4 O-O 13. Be3 Nbd7 14. d5 Qxb3
15. Bxb3 cxd5 16. Nxd5 Rad8 17. Nxf6+ gxf6 18. Rfd1 Bb8 19. Nd4 Be4 20. Ne6
fxe6 21. Bxe6+ Rf7 22. Rd4 Bc6 23. Rad1 Be5 24. Rg4+ Kf8 25. Bxa7 Ra8 26. Be3
Ke7 27. Bxf7 Kxf7 28. Rb4 Ke6 29. f4 Bd6 30. f5+ Ke7 31. Rh4 Rh8 32. Rg4 Be5
33. Rg7+ Kd8 34. b4 Re8 35. Rxh7 Re7 36. Bb6+ Ke8 37. Rh8+ Kf7 38. Bd8 Kg7 39.
Bxe7 Kxh8 $138 0-1

[Event "SR 1. liga zapad 2014/2015"]
[Site "?"]
[Date "2015.01.10"]
[Round "5.5"]
[White "Janko, Michal"]
[Black "Berek, Geza"]
[Result "1/2-1/2"]
[WhiteElo "2280"]
[BlackElo "2143"]
[PlyCount "35"]
[EventDate "2014.??.??"]

1. b3 e5 2. Bb2 d6 3. e3 Nf6 4. c4 g6 5. g3 Bg7 6. Bg2 O-O 7. Ne2 Re8 8. Nbc3
c6 9. d4 e4 10. O-O h5 11. h3 Nbd7 12. a4 Nf8 13. a5 N8h7 14. Nf4 Bf5 15. b4
Qd7 16. Kh2 d5 17. cxd5 Nxd5 18. Ncxd5 1/2-1/2

[Event "SR 1. liga zapad 2014/2015"]
[Site "?"]
[Date "2015.01.10"]
[Round "5.5"]
[White "Voros, Gellert"]
[Black "Takacs, Laszlo"]
[Result "1-0"]
[WhiteElo "2069"]
[BlackElo "2110"]
[PlyCount "71"]
[EventDate "2014.??.??"]

1. e4 c5 2. c3 Nf6 3. e5 Nd5 4. d4 cxd4 5. Nf3 Nc6 6. Bc4 Nb6 7. Bb3 d5 8. exd6
Qxd6 9. O-O Be6 10. Bxe6 Qxe6 11. Nxd4 Nxd4 12. Qxd4 Rd8 13. Qh4 Qe2 14. Bd2
Rxd2 15. Nxd2 Qxd2 16. Rfd1 Qh6 17. Qg3 Qc6 18. Rd4 Nc8 19. Rad1 Nd6 20. Qe5
Kd7 21. c4 f6 22. Qa5 e5 23. Rxd6+ Bxd6 24. c5 Rc8 25. cxd6 a6 26. Qb4 Ke8 27.
Qb3 Kf8 28. h3 Qd7 29. Qd5 h6 30. Rd3 Rc6 31. a4 Rc1+ 32. Kh2 Rc2 33. Rb3 Qc6
34. Qxc6 bxc6 35. Rb8+ Kf7 36. d7 1-0

[Event "SR 1. liga zapad 2014/2015"]
[Site "?"]
[Date "2015.01.10"]
[Round "5.5"]
[White "Balogh, Peter"]
[Black "Molnar, Erno"]
[Result "1-0"]
[WhiteElo "2028"]
[BlackElo "2027"]
[PlyCount "93"]
[EventDate "2014.??.??"]

1. e4 c5 2. Nf3 Nc6 3. d4 cxd4 4. Nxd4 Nf6 5. Nc3 e5 6. Ndb5 d6 7. Bg5 a6 8.
Na3 b5 9. Bxf6 gxf6 10. Nd5 Bg7 11. c3 f5 12. Bd3 Be6 13. Qh5 h6 14. Nc2 O-O
15. Nce3 f4 16. Nf5 Bxf5 17. exf5 Ne7 18. Be4 Nxd5 19. Bxd5 Ra7 20. h4 Qf6 21.
f3 Rc8 22. Rd1 a5 23. Rg1 a4 24. a3 Rac7 25. g4 b4 26. g5 hxg5 27. hxg5 Qxf5
28. Be4 Qe6 29. g6 bxc3 30. bxc3 Qb3 31. gxf7+ Kf8 32. Rxg7 Qxc3+ 33. Kf1 Kxg7
34. Qg6+ Kf8 35. Bd5 Ke7 36. f8=Q+ Kxf8 37. Qg8+ Ke7 38. Qf7+ Kd8 39. Qf8+ Kd7
40. Be6+ Kc6 41. Qxd6+ Kb7 42. Rb1+ Ka8 43. Qa6+ Ra7 44. Bd5+ Rc6 45. Bxc6+
Qxc6 46. Qxc6+ Rb7 47. Qxb7# 1-0

[Event "SR 1. liga zapad 2014/2015"]
[Site "?"]
[Date "2015.01.10"]
[Round "5.5"]
[White "Berza, Stefan"]
[Black "Kosar, Mikulas"]
[Result "1-0"]
[WhiteElo "2053"]
[BlackElo "1820"]
[PlyCount "75"]
[EventDate "2014.??.??"]

1. e4 c5 2. d4 cxd4 3. c3 dxc3 4. Nxc3 Nc6 5. Nf3 g6 6. Bc4 h6 7. O-O e6 8. Qe2
Bg7 9. Bf4 a6 10. Nd5 d6 11. Nc3 Nge7 12. Rfd1 e5 13. Be3 Bg4 14. h3 Bxf3 15.
Qxf3 O-O 16. Nd5 Nxd5 17. Bxd5 Qe7 18. Rac1 Rac8 19. Rc3 Nd4 20. Bxd4 exd4 21.
Rxc8 Rxc8 22. Qg4 Rc2 23. Qxg6 Kf8 24. Qg3 Qc7 25. Qf4 b5 26. g3 a5 27. Kg2 a4
28. Rd3 Qe7 29. Rf3 f6 30. Qf5 Ke8 31. Rf4 d3 32. Rf3 d2 33. Rd3 Kd8 34. Qf4
Qe5 35. Qe3 Qxb2 36. Qb6+ Kd7 37. Qb7+ Rc7 38. Bc6+ 1-0

[Event "SR 1. liga zapad 2014/2015"]
[Site "?"]
[Date "2015.01.10"]
[Round "5.5"]
[White "Kosar, Mikulas"]
[Black "Hegedus, Roland"]
[Result "0-1"]
[WhiteElo "1712"]
[BlackElo "2016"]
[PlyCount "48"]
[EventDate "2014.??.??"]

1. e4 c5 2. Nf3 Nc6 3. Nc3 Nf6 4. d4 cxd4 5. Nxd4 e5 6. Nf3 Bb4 7. Bd3 d5 8.
Bd2 Bxc3 9. Bxc3 dxe4 10. Nxe5 exd3 11. O-O Nxe5 12. Re1 O-O 13. Bxe5 d2 14.
Re2 Bg4 15. f3 Qb6+ 16. Kf1 Be6 17. b3 Rad8 18. Bf4 Nd5 19. Qxd2 Nxf4 20. Qxf4
Rd4 21. Qe5 Rfd8 22. c3 R4d5 23. Qf4 Bf5 24. c4 Rd1+ 0-1

[Event "SR 1. liga zapad 2014/2015"]
[Site "?"]
[Date "2015.01.10"]
[Round "5.6"]
[White "Rybansky, Daniel"]
[Black "Maros, Milan"]
[Result "1/2-1/2"]
[WhiteElo "2273"]
[BlackElo "2344"]
[PlyCount "21"]
[EventDate "2014.??.??"]
[BlackTeam " "]

1. c4 e6 2. Nc3 d5 3. d4 Nf6 4. cxd5 exd5 5. Bf4 Bd6 6. Bg3 c6 7. e3 Bf5 8. Qb3
Bxg3 9. hxg3 Qb6 10. Qa3 a5 11. Nf3 1/2-1/2

[Event "SR 1. liga zapad 2014/2015"]
[Site "?"]
[Date "2015.01.10"]
[Round "5.6"]
[White "Chovan, Milan"]
[Black "Koval, Maros"]
[Result "1/2-1/2"]
[WhiteElo "2093"]
[BlackElo "2098"]
[PlyCount "110"]
[EventDate "2014.??.??"]

1. e4 d6 2. d4 Nf6 3. Nc3 g6 4. Bg5 h6 5. Bxf6 exf6 6. Nf3 Bg7 7. Bb5+ c6 8.
Bd3 O-O 9. O-O Bg4 10. h3 Bd7 11. Qd2 Na6 12. Ne2 Nc7 13. Ng3 d5 14. e5 f5 15.
c3 Ne6 16. Rfe1 Ng5 17. Nxg5 Qxg5 18. Qxg5 hxg5 19. Nf1 Be6 20. Nh2 b6 21. Nf3
Bh6 22. a4 c5 23. Nh2 a6 24. g4 Rfc8 25. Kh1 fxg4 26. Nxg4 Bxg4 27. hxg4 Re8
28. Re2 Re6 29. c4 dxc4 30. Bxc4 Ree8 31. dxc5 bxc5 32. Rae1 Re7 33. e6 f6 34.
Rd1 Bf8 35. Rd5 a5 36. Rxc5 Kg7 37. Rc6 Rb7 38. Rd2 Be7 39. Rd7 Raa7 40. Rxb7
Rxb7 41. b3 f5 42. f3 Bb4 43. Rc8 Re7 44. Kg2 Kf6 45. Rf8+ Ke5 46. Rg8 fxg4 47.
fxg4 Kf4 48. Rf8+ Ke5 49. Rg8 Kf4 50. Rxg6 Kxg4 51. Rf6 Kh5 52. Be2+ g4 53. Rf4
Kg5 54. Rxg4+ Kf5 55. Rc4 Kxe6 1/2-1/2

[Event "SR 1. liga zapad 2014/2015"]
[Site "?"]
[Date "2015.01.10"]
[Round "5.6"]
[White "Polacik, Igor"]
[Black "Debnar, Lubos"]
[Result "0-1"]
[WhiteElo "2173"]
[BlackElo "2269"]
[PlyCount "130"]
[EventDate "2014.??.??"]

1. e4 c6 2. Nf3 d5 3. Nc3 Bg4 4. h3 Bh5 5. exd5 cxd5 6. Bb5+ Nc6 7. g4 Bg6 8.
Ne5 Qc7 9. d4 e6 10. Qe2 Nge7 11. h4 h6 12. Bf4 Qb6 13. O-O-O Bh7 14. Rhe1 Bg8
15. Na4 Qa5 16. Bd2 Qd8 17. Bb4 Rc8 18. Bc5 a6 19. Bxe7 Bxe7 20. Bxc6+ bxc6 21.
Qxa6 Bh7 22. Re2 Bxh4 23. Nc5 O-O 24. Kb1 Qd6 25. Qb7 Rc7 26. Qb6 Bg5 27. Nb7
Rb8 28. Qc5 Qxc5 29. Nxc5 Ra8 30. b3 Be7 31. Kb2 Bd6 32. Re3 f6 33. Ned3 e5 34.
c3 e4 35. Nc1 f5 36. gxf5 Bxf5 37. Rg1 Rf8 38. Re2 g5 39. a4 Bc8 40. a5 Rcf7
41. Rf1 g4 42. Rh1 Kg7 43. c4 Rxf2 44. Rxf2 Rxf2+ 45. Kc3 dxc4 46. Nxe4 Rf3+
47. Kb2 c3+ 48. Nxc3 Bb4 49. N3e2 Bxa5 50. Rh5 Bb4 51. Re5 Rf2 52. Kc2 Bd6 53.
Re8 Bf5+ 54. Kd2 Rf3 55. Na2 Rxb3 56. Nac3 Bb4 57. Re5 Kf6 58. Re8 h5 59. Rh8
Kg5 60. Rg8+ Kh4 61. Rg7 Bxc3+ 62. Nxc3 g3 63. Ne2 Rd3+ 64. Ke1 Bg4 65. Re7
Bxe2 0-1

[Event "SR 1. liga zapad 2014/2015"]
[Site "?"]
[Date "2015.01.10"]
[Round "5.6"]
[White "Kalisky, Vladimir"]
[Black "Riabov, Alexander"]
[Result "1-0"]
[WhiteElo "2268"]
[BlackElo "2072"]
[PlyCount "103"]
[EventDate "2014.??.??"]

1. c4 g6 2. Nc3 Bg7 3. d4 d6 4. e4 Nc6 5. Be3 e5 6. dxe5 Nxe5 7. h3 Nf6 8. c5
Bf8 9. f4 Nc6 10. cxd6 Qxd6 11. Qxd6 cxd6 12. Nf3 Be6 13. Nd4 a6 14. g4 Be7 15.
O-O-O O-O 16. Nxe6 fxe6 17. Bc4 Nd8 18. e5 dxe5 19. fxe5 Ne8 20. Rd7 Rf7 21.
Rhd1 Ng7 22. Kb1 b5 23. Bd3 Nc6 24. Be4 Rc8 25. Bxc6 Rxc6 26. Ne4 Ne8 27. Bh6
Rc7 28. a3 Bf8 29. Rxc7 Rxc7 30. Rd8 Bxh6 31. Rxe8+ Kf7 32. Nd6+ Kg7 33. Rxe6
Rc1+ 34. Ka2 Rc2 35. Re7+ Kg8 36. Ne4 Re2 37. g5 Rxe4 38. gxh6 a5 39. e6 Kf8
40. Rxh7 Rxe6 41. Rb7 Kg8 42. Rxb5 Ra6 43. Rb7 a4 44. h4 Kh8 45. b4 axb3+ 46.
Kxb3 Rf6 47. a4 Rf3+ 48. Kb4 Rf4+ 49. Kb5 Rxh4 50. a5 Rh1 51. a6 Rb1+ 52. Kc4
1-0

[Event "SR 1. liga zapad 2014/2015"]
[Site "?"]
[Date "2015.01.10"]
[Round "5.6"]
[White "Chlpik, Martin"]
[Black "Szucs, Vladimir"]
[Result "1-0"]
[WhiteElo "2072"]
[BlackElo "2228"]
[PlyCount "59"]
[EventDate "2014.??.??"]

1. d4 Nf6 2. Bf4 d5 3. Nf3 c5 4. e3 Qb6 5. Nc3 Bf5 6. dxc5 Qxc5 7. Nd4 Bd7 8.
Nb3 Qb6 9. Nxd5 Nxd5 10. Qxd5 e6 11. Qd4 Qxd4 12. exd4 Nc6 13. c3 Be7 14. Bd3
O-O 15. O-O Rfd8 16. Rfe1 Bf6 17. Nc5 Bc8 18. Be4 Be7 19. Na6 Bd7 20. Nc7 Rac8
21. Rad1 h6 22. d5 exd5 23. Rxd5 Kf8 24. Red1 Be8 25. Bf5 Rxd5 26. Nxd5 Rd8 27.
Bc7 Ra8 28. Re1 g6 29. Bh3 f5 30. Nxe7 1-0

[Event "SR 1. liga zapad 2014/2015"]
[Site "?"]
[Date "2015.01.10"]
[Round "5.6"]
[White "Gorusa, Miroslav"]
[Black "Bielik, Miroslav"]
[Result "0-1"]
[WhiteElo "2172"]
[BlackElo "2157"]
[PlyCount "60"]
[EventDate "2014.??.??"]

1. d4 d5 2. Nf3 e6 3. c4 c6 4. Nc3 dxc4 5. a4 Bb4 6. e3 b5 7. Be2 Bb7 8. O-O a6
9. Qc2 Nd7 10. b3 cxb3 11. Qxb3 Be7 12. Ba3 Bxa3 13. Qxa3 Qe7 14. Ne4 Qxa3 15.
Rxa3 Ke7 16. Rc1 Ngf6 17. Nc5 Nxc5 18. Rxc5 Ne4 19. Rc1 b4 20. Rb3 a5 21. Bd3
c5 22. dxc5 Rhc8 23. Bxe4 Bxe4 24. Nd4 Bc6 25. Nb5 Bxb5 26. axb5 Rab8 27. Rd3
Rxb5 28. c6 Rc7 29. Kf1 Rb6 30. Rc5 Ra6 0-1

[Event "SR 1. liga zapad 2014/2015"]
[Site "?"]
[Date "2015.01.10"]
[Round "5.6"]
[White "Belan, Jozef"]
[Black "Pinter, Patrik"]
[Result "0-1"]
[WhiteElo "2066"]
[BlackElo "2125"]
[PlyCount "110"]
[EventDate "2014.??.??"]

1. c4 c5 2. g3 g6 3. Bg2 Bg7 4. Nf3 Nc6 5. O-O d6 6. Nc3 Rb8 7. d3 Nf6 8. Rb1
O-O 9. a3 a6 10. Ne1 Bd7 11. e4 b5 12. cxb5 axb5 13. b4 cxb4 14. axb4 Qc8 15.
Bd2 Bh3 16. Ne2 Bxg2 17. Kxg2 Qb7 18. f4 Rbc8 19. Nf3 Rc7 20. Qb3 Rfc8 21. Rbc1
Qb6 22. h3 Nd8 23. e5 Nd7 24. Rxc7 Rxc7 25. d4 Rc4 26. Qd3 Qb7 27. Kh2 Nb6 28.
exd6 exd6 29. f5 Nd5 30. fxg6 fxg6 31. Ng5 Qe7 32. Ne4 Nf7 33. Ra1 Nxb4 34.
Ra8+ Bf8 35. Bxb4 Rxb4 36. Ra2 Qe6 37. N2c3 d5 38. Nf2 Nd6 39. Re2 Qf7 40. Kg2
Bg7 41. Ng4 Nf5 42. Ne5 Qb7 43. Nf3 Qb8 44. Ng5 Rxd4 45. Qf3 Bh6 46. Ne6 Rd2
47. Rxd2 Bxd2 48. Nxd5 Qd6 49. Ndf4 Bxf4 50. Qxf4 Qxe6 51. Qb8+ Kg7 52. Qxb5
Qe4+ 53. Kh2 h5 54. h4 Ne3 55. Qb2+ Kh7 0-1

[Event "SR 1. liga zapad 2014/2015"]
[Site "?"]
[Date "2015.01.10"]
[Round "5.6"]
[White "Nagy, Attilla"]
[Black "Marko, Anton"]
[Result "0-1"]
[WhiteElo "2139"]
[BlackElo "2092"]
[PlyCount "94"]
[EventDate "2014.??.??"]

1. e4 g6 2. d4 d6 3. Nc3 Bg7 4. Be3 c6 5. Qd2 b5 6. O-O-O Nd7 7. h4 h5 8. Nh3
Nb6 9. Nf4 Nc4 10. Bxc4 bxc4 11. Qe2 Ba6 12. g4 hxg4 13. Qxg4 Nf6 14. Qg2 Nh5
15. e5 d5 16. e6 Nxf4 17. Bxf4 Bf6 18. exf7+ Kxf7 19. Rdg1 Rg8 20. Be5 Qd7 21.
Na4 Bxe5 22. dxe5 Qf5 23. Nc5 Bc8 24. h5 Qf4+ 25. Kb1 Bf5 26. e6+ Kf6 27. h6
Rh8 28. Re1 Rxh6 29. Rxh6 Qxh6 30. Nd7+ Kg7 31. Qf3 Qd2 32. Qc3+ Qxc3 33. bxc3
Rh8 34. Ne5 Rc8 35. Kc1 c5 36. Kd2 Rb8 37. Nd7 Rb2 38. Rc1 Bxe6 39. Nxc5 Bf5
40. a4 e5 41. f3 Kf6 42. Na6 Ra2 43. Nc7 d4 44. Nb5 a6 45. cxd4 axb5 46. dxe5+
Kxe5 47. axb5 Kd4 0-1